[Event "POL-chT U20 1st League"]
[Site "Chotowa"]
[Date "2025.06.19"]
[Round "6.14"]
[White "Ciesielski, Tomasz"]
[Black "Krogulski, Maksymilian"]
[Result "1/2-1/2"]
[WhiteElo "1902"]
[BlackElo "1986"]
[PlyCount "305"]
[EventDate "2025.06.14"]
[EventType "team-swiss"]
[EventRounds "9"]
[EventCountry "POL"]
[SourceTitle "CB26_2025"]
[SourceDate "2025.06.25"]
[SourceVersion "1"]
[SourceVersionDate "2025.06.25"]
[SourceQuality "1"]
[WhiteTeam "Czerwionka Leszczyny"]
[BlackTeam "Czternastka Warszawa II"]
[WhiteTeamCountry "POL"]
[BlackTeamCountry "POL"]

1. Nf3 d5 2. b3 Bf5 3. Bb2 e6 4. e3 h6 5. d4 Nf6 6. Bd3 Bxd3 7. Qxd3 c6 8. Nbd2 Be7 9. 0-0 0-0 10. Ne5 Nbd7 11. f4 c5 12. c4 Rc8 13. Rac1 Rc7 14. Rfd1 Qc8 15. h3 Rd8 16. Qb1 b6 17. a3 Qb7 18. g4 Rdc8 19. Qd3 cxd4 20. exd4 Nxe5 21. fxe5 Nd7 22. Rc3 Rd8 23. Qe2 Nf8 24. Nf3 Ng6 25. Kh2 Rdc8 26. Rdc1 Kf8 27. Qd3 Rd7 28. Rf1 Kg8 29. Kg3 Bg5 30. Bc1 Be7 31. h4 Rdc7 32. Bb2 Qa6 33. Rfc1 Bd8 34. R1c2 Ne7 35. Rc1 Qb7 36. a4 Rd7 37. Ba3 dxc4 38. bxc4 Nc6 39. g5 Bc7 40. Qe4 Qb8 41. Kf2 Nxd4 42. Nxd4 Bxe5 43. Nf3 Bxc3 44. Rxc3 hxg5 45. hxg5 Rcd8 46. Rc1 Rd3 47. Be7 Rd1 48. Rxd1 Rxd1 49. g6 fxg6 50. Qxe6+ Kh8 51. Qh3+ Kg8 52. Qe6+ Kh8 53. Ne5 Rh1 54. Nf7+ Kg8 55. Bd6 Qa8 56. Ne5+ Kh8 57. Nxg6+ Kh7 58. Nf8+ Kh8 59. Ng6+ Kh7 60. Qf5 Qe8 61. Ne7+ Kh8 62. Qe6 Rh6 63. Qd5 Rf6+ 64. Kg1 Rh6 65. a5 Rh5 66. Qe6 Kh7 67. Qe4+ g6 68. Qe6 Rg5+ 69. Kh2 Rh5+ 70. Kg3 Rg5+ 71. Kh4 Rh5+ 72. Kg4 Rxa5 73. Be5 Ra3 74. Kg5 Rf3 75. Bd6 Rf5+ 76. Kg4 Qf7 77. Qe4 Rf6 78. Qe5 Qe6+ 79. Qxe6 Rxe6 80. c5 bxc5 81. Bxc5 a5 82. Ba3 Re3 83. Bc5 Re4+ 84. Kf3 Rc4 85. Bd6 a4 86. Nd5 Rd4 87. Nf6+ Kg7 88. Be5 Rd3+ 89. Ke4 Rd1 90. Nd5+ Kf7 91. Nc3 Re1+ 92. Kd4 a3 93. Bh8 g5 94. Kd3 Re8 95. Bd4 Rd8 96. Kc4 g4 97. Be5 Ke6 98. Bg3 Ra8 99. Kb3 Kd7 100. Ka2 Kc6 101. Nb1 Re8 102. Bf4 Rf8 103. Be5 Kd5 104. Bc7 Rf7 105. Bb8 Ke4 106. Nxa3 Kf3 107. Nc4 Rb7 108. Bd6 Ke2 109. Ka3 Rg7 110. Kb4 g3 111. Bxg3 Rxg3 112. Kc5 Rd3 113. Ne5 Rd8 114. Nc6 Rd1 115. Nd4+ Ke3 116. Nf5+ Kf4 117. Nd6 Ke5 118. Nf7+ Kf6 119. Nd6 Ke6 120. Ne4 Ke5 121. Nc3 Rd8 122. Kc4 Rc8+ 123. Kd3 Rc7 124. Ne2 Ra7 125. Nc3 Rh7 126. Kc4 Rh4+ 127. Kd3 Rd4+ 128. Ke3 Rh4 129. Kd3 Rg4 130. Nb5 Ra4 131. Nc3 Rb4 132. Ne2 Re4 133. Nc3 Rd4+ 134. Ke3 Rd8 135. Ne2 Ra8 136. Kd3 Kd5 137. Nc3+ Kc5 138. Ne4+ Kb4 139. Kd4 Rd8+ 140. Ke5 Rd1 141. Nf2 Rf1 142. Ne4 Rf8 143. Kd4 Re8 144. Nd6 Re1 145. Ne4 Rd1+ 146. Ke5 Kc4 147. Nd6+ Kc5 148. Ne4+ Kc6 149. Nc3 Rd3 150. Ne4 Rd8 151. Nf6 Rd6 152. Ng4 Rd5+ 153. Ke4 1/2-1/2

[Event "POL-chT U20 1st League"]
[Site "Chotowa"]
[Date "2025.06.15"]
[Round "2.8"]
[White "Tsiapko, Andrii"]
[Black "Ciesielski, Tomasz"]
[Result "1-0"]
[WhiteElo "2141"]
[BlackElo "1902"]
[PlyCount "117"]
[EventDate "2025.06.14"]
[EventType "team-swiss"]
[EventRounds "9"]
[EventCountry "POL"]
[SourceTitle "CB26_2025"]
[SourceDate "2025.06.25"]
[SourceVersion "1"]
[SourceVersionDate "2025.06.25"]
[SourceQuality "1"]
[WhiteTeam "Chylice Laura"]
[BlackTeam "Czerwionka Leszczyny"]
[WhiteTeamCountry "POL"]
[BlackTeamCountry "POL"]

1. d4 d5 2. c4 e6 3. Nf3 Nf6 4. g3 Be7 5. Bg2 0-0 6. 0-0 dxc4 7. Qc2 a6 8. a4 Bd7 9. Rd1 Bc6 10. Bg5 Nbd7 11. Nbd2 Bxf3 12. Bxf3 c6 13. a5 h6 14. Bxf6 Nxf6 15. Nxc4 Qc7 16. Qb3 Rad8 17. Rac1 Qb8 18. e3 Nd5 19. h4 Rfe8 20. Kg2 Bf6 21. Be4 h5 22. Bb1 g6 23. e4 Nc7 24. e5 Be7 25. g4 Nd5 26. Qg3 hxg4 27. Qxg4 Kg7 28. Rd3 Rh8 29. Rh1 Rh5 30. Rf3 Rdh8 31. Rxf7+ Kxf7 32. Bxg6+ Kf8 33. Qf3+ Rf5 34. Bxf5 exf5 35. Qxf5+ Ke8 36. Kf1 Kd8 37. h5 Kc7 38. e6 Rf8 39. Qe4 Kd8 40. Ne5 Qc8 41. Nf7+ Ke8 42. h6 Qc7 43. h7 Bf6 44. h8Q Bxh8 45. Rxh8 Rxh8 46. Nxh8 Qf4 47. Qg6+ Ke7 48. Qf7+ Qxf7 49. exf7 Nf4 50. f3 Kf8 51. Kf2 Kg7 52. Ke3 Ne6 53. Ke4 Kxh8 54. Ke5 Nf8 55. Kf6 Nh7+ 56. Ke7 Kg7 57. f4 Nf8 58. f5 Nh7 59. b3 1-0

[Event "Bytom Black Horse School Cup"]
[Site "Bytom"]
[Date "2023.01.28"]
[Round "2"]
[White "Ciesielski, Tomasz"]
[Black "Chmiel, Dominika"]
[Result "1/2-1/2"]
[WhiteElo "1548"]
[BlackElo "1958"]
[PlyCount "93"]
[EventDate "2023.01.28"]
[EventType "swiss (rapid)"]
[EventRounds "9"]
[EventCountry "POL"]
[SourceTitle "CBM 213 Extra"]
[Source "ChessBase"]
[SourceDate "2023.05.31"]
[SourceVersion "1"]
[SourceVersionDate "2023.05.31"]
[SourceQuality "1"]

1. d4 Nf6 2. c4 g6 3. Nf3 Bg7 4. Nc3 0-0 5. Bg5 d6 6. e3 c5 7. dxc5 dxc5 8. Qxd8 Rxd8 9. Bxf6 Bxf6 10. Nd5 Bxb2 11. Rb1 Bf6 12. Nc7 Bc3+ 13. Ke2 Be6 14. Nxe6 fxe6 15. Rb3 Ba5 16. Rxb7 Nc6 17. g3 e5 18. Bh3 e4 19. Ng5 Rd3 20. Kf1 Rd2 21. Nxe4 Rf8 22. Kg2 Rxa2 23. Rd1 Ne5 24. Be6+ Kh8 25. Rbb1 Bd8 26. Ra1 Rxa1 27. Rxa1 Bb6 28. Rd1 h5 29. Ng5 h4 30. Ne4 Bc7 31. g4 Kg7 32. Ra1 Bb6 33. Rd1 Rh8 34. Rd5 Nf7 35. Bxf7 Kxf7 36. Rd7 Ke6 37. Rd1 Rc8 38. Nc3 Bc7 39. Ra1 a5 40. Nd5 Bd8 41. Nf4+ Kf7 42. Nd3 Kf6 43. Kf3 e5 44. Ke2 e4 45. Nf4 Rb8 46. Nd5+ Ke5 47. Ra2 1/2-1/2

[Event "Gdansk op 14th"]
[Site "Gdansk"]
[Date "2012.07.23"]
[Round "3"]
[White "Ciesielski, Tomasz"]
[Black "Zolnierowicz, Krzysztof"]
[Result "0-1"]
[WhiteElo "1837"]
[BlackElo "2226"]
[PlyCount "47"]
[EventDate "2012.07.22"]
[EventType "swiss"]
[EventRounds "9"]
[EventCountry "POL"]
[SourceTitle "CBM 149 Extra"]
[Source "ChessBase"]
[SourceDate "2012.08.24"]
[SourceVersion "1"]
[SourceVersionDate "2012.08.24"]
[SourceQuality "1"]

1. e4 d5 2. e5 c5 3. f4 Nc6 4. Nf3 Nh6 5. g3 Nf5 6. Bg2 h5 7. d3 h4 8. g4 h3 9. gxf5 hxg2 10. Rg1 Bxf5 11. Rxg2 g6 12. Qe2 e6 13. Nbd2 Be7 14. Nf1 Bh4+ 15. Nxh4 Qxh4+ 16. Qf2 Bh3 17. Qxh4 Rxh4 18. Rf2 0-0-0 19. Bd2 Rdh8 20. Ng3 Bg4 21. Nf1 Nd4 22. Be3 Nf3+ 23. Rxf3 Bxf3 24. Bxc5 0-1

[Event "Gdansk op 12th "]
[Site "Gdansk"]
[Date "2010.07.23"]
[Round "8"]
[White "Ciesielski, Tomasz"]
[Black "Cichocka, Urszula"]
[Result "1-0"]
[WhiteElo "1839"]
[BlackElo "1651"]
[PlyCount "35"]
[EventDate "2010.07.17"]
[EventType "swiss"]
[EventRounds "9"]
[EventCountry "POL"]
[SourceTitle "EXT 2011"]
[Source "ChessBase"]
[SourceDate "2010.11.26"]
[SourceVersion "1"]
[SourceVersionDate "2010.11.26"]
[SourceQuality "1"]

1. e4 e5 2. Nf3 Nc6 3. Bb5 d6 4. d4 f6 5. d5 a6 6. Ba4 b5 7. dxc6 bxa4 8. c4 Ne7 9. Qxa4 Ng6 10. Nc3 Be7 11. Nd5 0-0 12. Qa5 Ra7 13. Be3 Ra8 14. Qxc7 Qxc7 15. Nxc7 Nf4 16. Bxf4 exf4 17. Nd5 Bd8 18. c7 1-0

[Event "Gdansk op 12th "]
[Site "Gdansk"]
[Date "2010.07.22"]
[Round "7"]
[White "Moszczenski, Milosz"]
[Black "Ciesielski, Tomasz"]
[Result "0-1"]
[WhiteElo "1529"]
[BlackElo "1839"]
[PlyCount "72"]
[EventDate "2010.07.17"]
[EventType "swiss"]
[EventRounds "9"]
[EventCountry "POL"]
[SourceTitle "EXT 2011"]
[Source "ChessBase"]
[SourceDate "2010.11.26"]
[SourceVersion "1"]
[SourceVersionDate "2010.11.26"]
[SourceQuality "1"]

1. d4 e6 2. c4 d5 3. Nc3 c6 4. Nf3 f5 5. g3 Nf6 6. Bg2 Bd6 7. 0-0 Ne4 8. Ne5 Nd7 9. Nd3 0-0 10. f3 Nxc3 11. bxc3 Nf6 12. Re1 dxc4 13. Nb2 b5 14. e4 Ba3 15. Qc2 Qc7 16. Bh3 g6 17. Bh6 Rf7 18. Nd1 Bb7 19. Rb1 a6 20. Bf4 Qd7 21. Nf2 Nh5 22. Be5 Bd6 23. Rbd1 Qc7 24. f4 Bxe5 25. fxe5 Re8 26. Qc1 Qe7 27. g4 Ng7 28. Qh6 a5 29. Bf1 fxg4 30. Nxg4 Nh5 31. Qe3 Kh8 32. Nh6 Rf4 33. Be2 Qg5+ 34. Bg4 Qxh6 35. Bxe6 Qg5+ 36. Kh1 Rf1+ 0-1

[Event "Gdansk op 12th "]
[Site "Gdansk"]
[Date "2010.07.19"]
[Round "4"]
[White "Ciesielski, Tomasz"]
[Black "Pazurkiewicz, Janusz"]
[Result "0-1"]
[WhiteElo "1839"]
[BlackElo "2091"]
[PlyCount "50"]
[EventDate "2010.07.17"]
[EventType "swiss"]
[EventRounds "9"]
[EventCountry "POL"]
[SourceTitle "EXT 2011"]
[Source "ChessBase"]
[SourceDate "2010.11.26"]
[SourceVersion "1"]
[SourceVersionDate "2010.11.26"]
[SourceQuality "1"]

1. e4 c6 2. d3 d5 3. e5 Bf5 4. f4 e6 5. Nf3 c5 6. g3 Be7 7. Bg2 Nc6 8. 0-0 h5 9. h3 Qb6 10. Kh2 Nh6 11. Ng5 0-0-0 12. Re1 c4 13. Nf3 Ng4+ 14. hxg4 hxg4+ 15. Nh4 Bxh4 16. Be3 d4 17. Bf2 Be7+ 18. Kg1 cxd3 19. cxd3 Nb4 20. Be4 Bxe4 21. Rxe4 Qa6 22. Bxd4 Qc6 23. Na3 Rxd4 24. Rc1 Bc5 25. Rxd4 Qh1+ 0-1

[Event "Gdansk op 12th "]
[Site "Gdansk"]
[Date "2010.07.18"]
[Round "2"]
[White "Ciesielski, Tomasz"]
[Black "Lada, Ireneusz"]
[Result "1-0"]
[WhiteElo "1839"]
[BlackElo "2175"]
[PlyCount "49"]
[EventDate "2010.07.17"]
[EventType "swiss"]
[EventRounds "9"]
[EventCountry "POL"]
[SourceTitle "EXT 2011"]
[Source "ChessBase"]
[SourceDate "2010.11.26"]
[SourceVersion "1"]
[SourceVersionDate "2010.11.26"]
[SourceQuality "1"]

1. e4 c6 2. Nf3 d5 3. exd5 cxd5 4. d4 Nc6 5. Be2 g6 6. 0-0 Bg7 7. c3 Nh6 8. Bf4 f6 9. Re1 Nf7 10. c4 0-0 11. cxd5 Qxd5 12. Nc3 Qf5 13. Bc7 Qd7 14. Bg3 e6 15. Bc4 Nfd8 16. Nb5 Na5 17. Bf1 a6 18. Nc7 Ra7 19. b4 Nac6 20. Bc4 b5 21. Bxe6+ Nxe6 22. Nxe6 Rf7 23. Qb3 Bh6 24. Nc5 Qd8 25. d5 1-0

[Event "Ostroda op 6th"]
[Site "Ostroda"]
[Date "2009.08.12"]
[Round "8"]
[White "Wodzynski, Michal"]
[Black "Ciesielski, Tomasz"]
[Result "1/2-1/2"]
[WhiteElo "1996"]
[BlackElo "1886"]
[PlyCount "40"]
[EventDate "2009.08.07"]
[EventType "swiss"]
[EventRounds "9"]
[EventCountry "POL"]
[SourceTitle "EXT 2011"]
[Source "ChessBase"]
[SourceDate "2010.11.26"]
[SourceVersion "1"]
[SourceVersionDate "2010.11.26"]
[SourceQuality "1"]

1. e4 e6 2. d4 d5 3. e5 c5 4. c3 Nc6 5. Nf3 Qb6 6. a3 Bd7 7. b4 c4 8. a4 Qc7 9. Na3 a6 10. Bf4 Nge7 11. Be2 f6 12. Qd2 Ng6 13. Qe3 Nce7 14. g4 Bxa4 15. Bg3 Qd7 16. 0-0 f5 17. h3 Rg8 18. Ng5 0-0-0 19. Bd1 Bxd1 20. Raxd1 Kb8 1/2-1/2

[Event "Chojnice op-B"]
[Site "Chojnice"]
[Date "2009.07.15"]
[Round "6"]
[White "Wojcicki, Mateusz"]
[Black "Ciesielski, Tomasz"]
[Result "1-0"]
[WhiteElo "1824"]
[BlackElo "1886"]
[PlyCount "93"]
[EventDate "2009.07.11"]
[EventType "swiss"]
[EventRounds "9"]
[EventCountry "POL"]
[SourceTitle "EXT 2011"]
[Source "ChessBase"]
[SourceDate "2010.11.26"]
[SourceVersion "1"]
[SourceVersionDate "2010.11.26"]
[SourceQuality "1"]

1. e4 e6 2. d4 d5 3. Nc3 Nf6 4. Bg5 Be7 5. e5 Ng8 6. Bxe7 Qxe7 7. f4 b6 8. a3 Bb7 9. Bd3 Nh6 10. Nf3 a6 11. Ne2 c5 12. c3 Ng4 13. Qd2 Nc6 14. h3 Nh6 15. b4 c4 16. Bc2 0-0-0 17. a4 f5 18. exf6 gxf6 19. Qe3 Nf7 20. b5 axb5 21. axb5 Na5 22. f5 e5 23. dxe5 Nxe5 24. Qxb6 Nxf3+ 25. gxf3 Rhe8 26. Qe6+ Qxe6 27. fxe6 Nb3 28. Bxb3 cxb3 29. Nd4 Kc7 30. f4 Ra8 31. Rb1 Ra3 32. Rg1 Re7 33. f5 Kd6 34. Rxb3 Ra2 35. Kf1 Ke5 36. Rg2 Ra1+ 37. Kf2 Rh1 38. Rg3 h5 39. Kg2 Rd1 40. Re3+ Kf4 41. Rf3+ Ke4 42. Rb2 Ke5 43. Re2+ Kd6 44. Rg3 h4 45. Rg6 Rd3 46. Rxf6 Rg3+ 47. Kf2 1-0

[Event "Chojnice op-B"]
[Site "Chojnice"]
[Date "2009.07.14"]
[Round "5"]
[White "Bartoszek, Marcin"]
[Black "Ciesielski, Tomasz"]
[Result "1-0"]
[WhiteElo "1766"]
[BlackElo "1886"]
[PlyCount "101"]
[EventDate "2009.07.11"]
[EventType "swiss"]
[EventRounds "9"]
[EventCountry "POL"]
[SourceTitle "EXT 2011"]
[Source "ChessBase"]
[SourceDate "2010.11.26"]
[SourceVersion "1"]
[SourceVersionDate "2010.11.26"]
[SourceQuality "1"]

1. e4 e6 2. d4 d5 3. Nc3 Nf6 4. e5 Ng8 5. f4 c5 6. Nf3 Nc6 7. Be3 Qa5 8. Qd2 a6 9. dxc5 Qb4 10. 0-0-0 Bxc5 11. Bxc5 Qxc5 12. f5 Nh6 13. fxe6 Bxe6 14. Nd4 Nxd4 15. Qxd4 Qxd4 16. Rxd4 Nf5 17. Rd2 Rc8 18. Bd3 d4 19. Ne2 Ne3 20. Nxd4 Bd5 21. Nf5 Nxf5 22. Bxf5 Be6 23. Bxe6 fxe6 24. Rd6 Ke7 25. Rb6 Rc7 26. Rf1 Rd8 27. Rf3 Rd5 28. Re3 Kf7 29. Reb3 Rdd7 30. Rd6 Rxd6 31. exd6 Rd7 32. Rd3 Kf6 33. c4 Ke5 34. c5 Ke4 35. Kd2 e5 36. b4 Kf5 37. Ke3 Ke6 38. Ke4 Rf7 39. d7 Rxd7 40. Rxd7 Kxd7 41. Kxe5 Kc6 42. Kd4 Kb5 43. Kc3 Ka4 44. Kc4 g6 45. g3 h6 46. h3 g5 47. g4 Ka3 48. b5 axb5+ 49. Kxb5 Kxa2 50. Kb6 Kb3 51. Kxb7 1-0

[Event "Chojnice op-B"]
[Site "Chojnice"]
[Date "2009.07.11"]
[Round "1"]
[White "Ciesielski, Tomasz"]
[Black "Rabeda, Grzegorz"]
[Result "1-0"]
[WhiteElo "1886"]
[BlackElo "1604"]
[PlyCount "105"]
[EventDate "2009.07.11"]
[EventType "swiss"]
[EventRounds "9"]
[EventCountry "POL"]
[SourceTitle "EXT 2011"]
[Source "ChessBase"]
[SourceDate "2010.11.26"]
[SourceVersion "1"]
[SourceVersionDate "2010.11.26"]
[SourceQuality "1"]

1. e4 e6 2. d3 d5 3. exd5 exd5 4. Nf3 Nf6 5. Be2 Be7 6. 0-0 0-0 7. Bg5 Nbd7 8. Nbd2 Re8 9. Nb3 c6 10. c3 Qc7 11. Nbd4 Nf8 12. Rc1 Nh5 13. Bxe7 Rxe7 14. Re1 Bd7 15. Bf1 Rae8 16. Qd2 Ng6 17. Qg5 Nhf4 18. Rxe7 Rxe7 19. Re1 Rxe1 20. Nxe1 h6 21. Qg3 Qb6 22. Nb3 c5 23. Qe3 Ne6 24. Qd2 Ba4 25. Nc1 d4 26. Nf3 Qd6 27. Ne2 Bc6 28. Ne1 b6 29. Ng3 Qe5 30. Qe2 Nef4 31. Qxe5 Nxe5 32. Nf5 Bd7 33. Nd6 dxc3 34. bxc3 Kf8 35. g3 Ne6 36. f4 Nc6 37. Bg2 Ned8 38. Be4 g6 39. Nf3 Ke7 40. Nb5 f5 41. Bd5 a6 42. Na3 b5 43. Nc2 Kd6 44. Ne3 a5 45. Kf2 b4 46. c4 Be6 47. Ke1 Kc7 48. Kd1 Nb7 49. Bxc6 Kxc6 50. Ne5+ Kd6 51. Nxg6 Nd8 52. Nh4 Nc6 53. Nf3 1-0

[Event "Ostroda op 5th"]
[Site "Ostroda"]
[Date "2008.08.08"]
[Round "7.2"]
[White "Wodzynski, Michal"]
[Black "Ciesielski, Tomasz"]
[Result "1/2-1/2"]
[WhiteElo "1929"]
[BlackElo "1901"]
[PlyCount "22"]
[EventDate "2008.08.04"]
[EventType "swiss"]
[EventRounds "9"]
[EventCountry "POL"]
[SourceTitle "EXT 2023"]
[Source "ChessBase"]
[SourceDate "2022.10.05"]
[SourceVersion "1"]
[SourceVersionDate "2022.10.05"]
[SourceQuality "1"]

1. e4 e6 2. d4 d5 3. e5 c5 4. c3 Nc6 5. Nf3 Qb6 6. a3 Bd7 7. b4 c4 8. a4 a5 9. b5 Nce7 10. Ba3 Ng6 11. Bxf8 Nxf8 1/2-1/2

[Event "Ostroda op 5th"]
[Site "Ostroda"]
[Date "2008.08.07"]
[Round "5.5"]
[White "Ciesielski, Tomasz"]
[Black "Lachowicz, Judyta"]
[Result "1-0"]
[WhiteElo "1901"]
[BlackElo "1651"]
[PlyCount "97"]
[EventDate "2008.08.04"]
[EventType "swiss"]
[EventRounds "9"]
[EventCountry "POL"]
[SourceTitle "EXT 2023"]
[Source "ChessBase"]
[SourceDate "2022.10.05"]
[SourceVersion "1"]
[SourceVersionDate "2022.10.05"]
[SourceQuality "1"]

1. e4 e5 2. Nf3 Nc6 3. Bb5 Bc5 4. 0-0 Nf6 5. d3 d6 6. h3 0-0 7. c3 h6 8. a4 a6 9. Bc4 Be6 10. Bxe6 fxe6 11. Qb3 Qc8 12. Na3 Nh5 13. Be3 Ba7 14. Bxa7 Rxa7 15. d4 exd4 16. Nxd4 Nxd4 17. cxd4 Kh8 18. Nc4 Rf6 19. e5 dxe5 20. Nxe5 Nf4 21. Qe3 Qd8 22. Kh2 Qd5 23. Rg1 Ra8 24. Rac1 Qd6 25. g3 Nd5 26. Qe2 Raf8 27. Rgf1 Nb6 28. f4 Nxa4 29. Qe4 Rd8 30. Qxb7 Qb6 31. Rxc7 Qxb7 32. Rxb7 Rxd4 33. b4 Rd2+ 34. Kh1 Re2 35. Rc1 Re3 36. Kg2 Rc3 37. Rd1 Rc2+ 38. Kf3 Rc3+ 39. Kg4 Rc8 40. Rdd7 Rg8 41. Ra7 Nb6 42. Rdb7 Nd5 43. Rxa6 Ne3+ 44. Kf3 Nd5 45. b5 Rf5 46. Rxe6 Rh5 47. Ng6+ Kh7 48. Kg4 Nxf4 49. Nxf4 1-0

[Event "Ostroda op 5th"]
[Site "Ostroda"]
[Date "2008.08.05"]
[Round "3.15"]
[White "Ciesielski, Tomasz"]
[Black "Hekman, Dominik"]
[Result "1-0"]
[WhiteElo "1901"]
[BlackElo "1647"]
[PlyCount "65"]
[EventDate "2008.08.04"]
[EventType "swiss"]
[EventRounds "9"]
[EventCountry "POL"]
[SourceTitle "EXT 2023"]
[Source "ChessBase"]
[SourceDate "2022.10.05"]
[SourceVersion "1"]
[SourceVersionDate "2022.10.05"]
[SourceQuality "1"]

1. e4 c5 2. d3 Nc6 3. Nf3 e6 4. g3 d5 5. exd5 exd5 6. Bg2 Nf6 7. 0-0 Be7 8. Nc3 0-0 9. Ne2 Be6 10. Nf4 Qd7 11. Nxe6 fxe6 12. Re1 Bd6 13. Bh3 Rae8 14. Ng5 Nd4 15. c3 Nf5 16. Bd2 h6 17. Nf3 Qc7 18. g4 Ne7 19. g5 hxg5 20. Bxe6+ Kh8 21. Bxg5 Ng6 22. Bxf6 Rxf6 23. Ng5 Bxh2+ 24. Kh1 Nf4 25. Qg4 Re7 26. Re3 Rh6 27. Rae1 d4 28. Qf5 Bg3+ 29. Kg1 Bxf2+ 30. Kxf2 dxe3+ 31. Rxe3 Nxe6 32. Rxe6 Rh2+ 33. Kf3 1-0

[Event "Ostroda op 5th"]
[Site "Ostroda"]
[Date "2008.08.05"]
[Round "2.13"]
[White "Reza, Wojciech"]
[Black "Ciesielski, Tomasz"]
[Result "1/2-1/2"]
[WhiteElo "1866"]
[BlackElo "1901"]
[PlyCount "75"]
[EventDate "2008.08.04"]
[EventType "swiss"]
[EventRounds "9"]
[EventCountry "POL"]
[SourceTitle "EXT 2023"]
[Source "ChessBase"]
[SourceDate "2022.10.05"]
[SourceVersion "1"]
[SourceVersionDate "2022.10.05"]
[SourceQuality "1"]

1. d4 e6 2. c4 d5 3. g3 c6 4. Bg2 f5 5. Qc2 Nf6 6. Nf3 Be7 7. 0-0 0-0 8. Bf4 Ne4 9. Nc3 Nd7 10. Ne5 g5 11. Bd2 Nxe5 12. dxe5 Nxd2 13. Qxd2 Qc7 14. cxd5 exd5 15. f4 Be6 16. Rac1 Qa5 17. Rfd1 d4 18. Nd5 Qxd2 19. Nxe7+ Kf7 20. Rxd2 Kxe7 21. b3 gxf4 22. gxf4 Rg8 23. Kf2 Rg4 24. Rxd4 Rag8 25. Bf3 Rh4 26. Rh1 Bd5 27. Bxd5 cxd5 28. e3 Ke6 29. Rd2 Rhg4 30. Kf3 R8g7 31. Rc1 Rh4 32. Rf2 Rd7 33. Rc8 Rh3+ 34. Ke2 d4 35. exd4 Rxd4 36. Rf8 Rh6 37. Ke3 Rd7 38. Rg2 1/2-1/2

[Event "Chojnice op-B 3rd"]
[Site "Chojnice"]
[Date "2007.07.18"]
[Round "7.8"]
[White "Tarach, Dorota"]
[Black "Ciesielski, Tomasz"]
[Result "1/2-1/2"]
[WhiteElo "1776"]
[BlackElo "1927"]
[PlyCount "73"]
[EventDate "2007.07.13"]
[EventType "swiss"]
[EventRounds "9"]
[EventCountry "POL"]
[SourceTitle "EXT 2023"]
[Source "ChessBase"]
[SourceDate "2022.10.05"]
[SourceVersion "1"]
[SourceVersionDate "2022.10.05"]
[SourceQuality "1"]

1. e4 e6 2. d4 d5 3. exd5 exd5 4. Bd3 c5 5. dxc5 Bxc5 6. Nf3 Ne7 7. 0-0 Nbc6 8. Nc3 f6 9. Re1 Bg4 10. Na4 Bd6 11. Be2 0-0 12. Be3 b6 13. Nd4 Bd7 14. Nxc6 Bxc6 15. Nc3 Be5 16. Bc1 Qc7 17. h3 h6 18. Bf3 Rad8 19. Ne2 d4 20. Bxc6 Nxc6 21. Qd3 Kh8 22. Bd2 a5 23. a3 f5 24. f4 Bf6 25. Rf1 Ne7 26. Ng3 g6 27. Rad1 Nd5 28. Rf2 Ne3 29. Rc1 Rfe8 30. Nf1 Re4 31. g3 Nc4 32. Qb3 Qc6 33. Rd1 Rde8 34. Bc1 a4 35. Qd3 Ne3 36. Re1 Nxf1 37. Rexf1 1/2-1/2

[Event "Chojnice op-B 3rd"]
[Site "Chojnice"]
[Date "2007.07.17"]
[Round "5.12"]
[White "Borchardt, Marcin"]
[Black "Ciesielski, Tomasz"]
[Result "0-1"]
[WhiteElo "1761"]
[BlackElo "1927"]
[PlyCount "73"]
[EventDate "2007.07.13"]
[EventType "swiss"]
[EventRounds "9"]
[EventCountry "POL"]
[SourceTitle "EXT 2023"]
[Source "ChessBase"]
[SourceDate "2022.10.05"]
[SourceVersion "1"]
[SourceVersionDate "2022.10.05"]
[SourceQuality "1"]

1. e4 e6 2. d4 d5 3. Nc3 Nf6 4. Bg5 Be7 5. e5 Ng8 6. h4 Bxg5 7. hxg5 Qxg5 8. Nh3 Qe7 9. Qg4 g6 10. Nxd5 h5 11. Nxe7 hxg4 12. Nxg8 gxh3 13. Nf6+ Ke7 14. gxh3 Nd7 15. Nxd7 Bxd7 16. Be2 Rh4 17. 0-0-0 c6 18. Rd3 Rc8 19. Rhd1 Rf4 20. Rf3 Rxf3 21. Bxf3 b6 22. c4 c5 23. d5 exd5 24. cxd5 Bxh3 25. Rh1 Bf5 26. Rh7 a6 27. Kd2 b5 28. Kc3 a5 29. Bg2 Rd8 30. Rh6 Bb1 31. a4 Ba2 32. b3 bxa4 33. bxa4 Bxd5 34. Bf1 Bc6 35. Kc4 Bxa4 36. Kxc5 Bb3 37. Bc4 0-1

[Event "Kartuzy Stolema Cup 8th"]
[Site "Kartuzy"]
[Date "2007.06.25"]
[Round "2.1"]
[White "Bugalski, Michal"]
[Black "Ciesielski, Tomasz"]
[Result "1-0"]
[WhiteElo "2288"]
[BlackElo "1925"]
[PlyCount "53"]
[EventDate "2007.06.23"]
[EventType "swiss"]
[EventRounds "9"]
[EventCountry "POL"]
[SourceTitle "EXT 2023"]
[Source "ChessBase"]
[SourceDate "2022.10.05"]
[SourceVersion "1"]
[SourceVersionDate "2022.10.05"]
[SourceQuality "1"]

1. e4 e6 2. d4 d5 3. Nd2 Nf6 4. e5 Ng8 5. c3 b6 6. f4 c5 7. Ndf3 Nh6 8. Bb5+ Bd7 9. Bd3 Nc6 10. a3 Rc8 11. Ne2 Be7 12. 0-0 0-0 13. h3 f5 14. Kh1 c4 15. Bc2 Qe8 16. Rg1 Qh5 17. Nh2 Kh8 18. Qf1 g5 19. g4 fxg4 20. hxg4 Qf7 21. Qh3 Qg7 22. Bd2 gxf4 23. g5 Nf5 24. g6 Rg8 25. Nxf4 h6 26. Bxf5 exf5 27. Nh5 1-0

[Event "Gdansk-ch 8th"]
[Site "Gdansk"]
[Date "2006.07.29"]
[Round "8"]
[White "Ciesielski, Tomasz"]
[Black "Kardasz, Wladyslaw"]
[Result "1/2-1/2"]
[WhiteElo "1950"]
[BlackElo "1960"]
[PlyCount "118"]
[EventDate "2006.07.23"]
[EventType "swiss"]
[EventRounds "9"]
[EventCountry "POL"]
[SourceTitle "EXT 2008"]
[Source "ChessBase"]
[SourceDate "2007.11.25"]
[SourceVersion "1"]
[SourceVersionDate "2007.11.25"]
[SourceQuality "1"]

1. e4 g6 2. d4 Bg7 3. c3 d6 4. g3 Nf6 5. Bg2 c6 6. h3 Qc7 7. Be3 Nbd7 8. f4 e5 9. Ne2 0-0 10. 0-0 Re8 11. Nd2 b5 12. a4 Bb7 13. g4 exd4 14. cxd4 c5 15. Ng3 cxd4 16. Bxd4 Nc5 17. Rc1 Qe7 18. axb5 Nfxe4 19. Ndxe4 Nxe4 20. Nxe4 Bxe4 21. Re1 d5 22. Bxg7 Kxg7 23. Qd4+ Kg8 24. Rc5 Qb7 25. Bxe4 dxe4 26. Re5 Rxe5 27. Qxe5 Rb8 28. Rxe4 Qxb5 29. Qxb5 Rxb5 30. b4 a5 31. bxa5 Rxa5 32. Kf2 Kf8 33. Kf3 h5 34. Re3 Rb5 35. Kg3 hxg4 36. hxg4 Kg7 37. Kh4 Rb1 38. Kg3 Rg1+ 39. Kf3 Rf1+ 40. Ke4 Kf6 41. g5+ Ke6 42. Rb3 Re1+ 43. Kf3 Rf1+ 44. Ke4 Re1+ 45. Kf3 Rf1+ 46. Kg3 Rg1+ 47. Kf2 Rd1 48. Rb6+ Rd6 49. Rb5 Rd5 50. Rb6+ Rd6 51. Rxd6+ Kxd6 52. Kf3 Kd7 53. Ke3 Ke7 54. Kd4 Kd6 55. Ke3 Kd5 56. Kd3 Ke6 57. Ke4 Kd6 58. f5 gxf5+ 59. Kxf5 Ke7 1/2-1/2